000 00491nam a2200181Ia 4500
003 GCL
008 140319s9999 xx 000 0 ara d
040 _aGCL /
_cGCL
082 0 4 _a928.1
_bف ا
100 1 _aفتحى رزق
245 1 0 _aادباء لا تغرب عنهم الشمس /
_cفتحى رزق
300 _a264 ص
490 _a
650 0 4 _aالادباء
650 0 4 _aالادباء المصريون
650 0 4 _aالادباء الانجليزيون
942 _2ddc
_cBK
999 _c40076
_d40076